Modern approach to the law of interpretation in Ghana (Record no. 4783)
[ view plain ]
| 000 -LEADER | |
|---|---|
| fixed length control field | 01036nam a22001937a 4500 |
| 020 ## - INTERNATIONAL STANDARD BOOK NUMBER | |
| ISBN | 9789964634742 |
| 022 ## - INTERNATIONAL STANDARD SERIAL NUMBER | |
| ISSN | 9964634749 |
| 050 ## - CALL NUMBER | |
| Classification number | KRX451 |
| Item number | .Ad4 |
| 100 ## - AUTHOR | |
| Personal name | Adjei, Dennis Dominic |
| 245 ## - TITLE | |
| Title | Modern approach to the law of interpretation in Ghana |
| Statement of responsibility, etc | Dennis Dominic Adjei |
| 260 ## - PUBLICATION INFORMATION | |
| Place of publication | Accra : |
| Name of publisher | Adwinsa Publications (Gh.) Ltd., |
| Year of publication | 2015. |
| 300 ## - DESCRIPTION | |
| Number of Pages | xxxix, 420 pages ; |
| Dimensions | 25 cm |
| 500 ## - NOTES | |
| General note | Includes index.<br/> |
| 505 ## - FORMATTED CONTENTS NOTE | |
| Table of Content | Preliminary issues of interpretation --<br/>Basic rules of interpretation --<br/>Modern purposive approach (MOPA) --<br/>Aids to interpretation --<br/>Repealed and retroactive legislation --<br/>Ouster clauses --<br/>Presumptions --<br/>Constitutional interpretation --<br/>2012 presidential election petition: purpositivism v. literalism --<br/>It is a matter of proper judicial interpretation --<br/>Some controversial statutes --<br/>List of cases cited. <br/><br/><br/> |
| 650 ## - SUBJECTS | |
| Topical Term | Law -- Ghana -- Interpretation and construction. |
| 650 ## - SUBJECTS | |
| Topical Term | Law -- Interpretation and construction. |
| 650 ## - SUBJECTS | |
| Topical Term | Ghana. |
| 942 ## - ADDED ENTRY ELEMENTS (KOHA) | |
| Koha item type | Books |
| Withdrawn status | Lost status | Collection code | Home library | Current library | Shelving location | Date acquired | Source of acquisition | Full call number | Accession Number | Koha item type |
|---|---|---|---|---|---|---|---|---|---|---|
| Reference | Methodist University Law Library | Methodist University Law Library | General Stacks | Legon Book Shop | KRX451 .Ad4 | 5012 | Books | |||
| Reference | Methodist University Law Library | Methodist University Law Library | General Stacks | 06/05/2019 | KRX451 .Ad4 | 7804 | Books | |||
| Reference | Methodist University Law Library | Methodist University Law Library | General Stacks | 06/05/2019 | KRX451 .Ad4 | 8165 | Books | |||
| Reference | Methodist University Law Library | Methodist University Law Library | General Stacks | 06/05/2019 | KRX451 .Ad4 | 8166 | Books | |||
| Reference | Methodist University Law Library | Methodist University Law Library | General Stacks | 06/05/2019 | KRX451 .Ad4 | 8167 | Books |